000 00548nam a22001937a 4500
003 KOHA_MİRAKIL
005 20251119113332.0
008 251119b tu ||||| |||| 00| 0 tur d
020 _a9786050824759
040 _aTR-AnABB
_btur
_cTR-AnABB
041 _atur
082 _a828.3354
_bSEK 2017
100 1 _aŞekur, Muhyiddin,
245 1 0 _aYazdan kalan son gül /
_cMuhyiddin Şekûr
260 _aİstanbul :
_bTimaş Yayınları,
_c2017
300 _a556 sayfa ;
_c21 cm
650 0 4 _aAmerikan edebiyatı, roman
942 _2ddc
_cBK
999 _c9527
_d9527
900 _bGizem YORULMAZ